Country Click Blitz 7-to-1 Quiz Stats

 Plays Quiz Updated May 9, 2018

Challenge
Share
Tweet
Embed
Score 0/28 Timer 01:00
17 Plays Today
% Correct
Nigeria
96.2%
Norway
95.5%
Namibia
95.3%
Nicaragua
95.2%
Nepal
95.1%
China
94%
Cuba
93.9%
Croatia
93.5%
Cambodia
91%
Cameroon
90.8%
New Zealand
90.8%
Nauru
87.6%
Tunisia
87.1%
Thailand
86.5%
% Correct
Tanzania
85.3%
Tonga
84.2%
Tuvalu
79%
Comoros
78.5%
Ghana
76.8%
Greece
76.8%
Georgia
75.3%
Guatemala
73.3%
Bolivia
59.6%
Belgium
58.9%
Bahrain
56%
Rwanda
47.9%
Romania
47.1%
Kyrgyzstan
39.1%

You're not logged in!

Compare scores with friends on all Sporcle quizzes.
Join for Free
OR
Log In

You Might Also Like...

Show Comments

Extras

Top Quizzes Today


Score Distribution

Your Account Isn't Verified!

In order to create a playlist on Sporcle, you need to verify the email address you used during registration. Go to your Sporcle Settings to finish the process.

Report this User

Report this user for behavior that violates our Community Guidelines.

Details: